| 000 | 00572nam a2200217Ia 4500 | ||
|---|---|---|---|
| 003 | BUBTL | ||
| 008 | 151213s9999 xx 000 0 und d | ||
| 020 | _a978-81-7177-278-0 | ||
| 082 | _a346.0438DAD | ||
| 100 |
_aDatta,C.R. _91853 |
||
| 245 | _aDeSonza's Forms of Precedents of Conveyancing | ||
| 250 | _a13th ed. | ||
| 260 |
_aKolkata : _bEastern Law House, _cc1999 |
||
| 300 |
_axlviii,1448 p. : _c21 cm. |
||
| 650 | _aLaw | ||
| 650 | _aLaw | ||
| 700 |
_aDas,M.N. _91854 |
||
| 856 |
_k0 _l0 _yDownload |
||
| 942 |
_2ddc _cBK |
||
| 999 |
_c1540 _d1540 |
||